Shiksha monobigyan (Record no. 2048)
[ view plain ]
| 000 -LEADER | |
|---|---|
| fixed length control field | 00485cam a2200193ua 4500 |
| 008 - FIXED-LENGTH DATA ELEMENTS--GENERAL INFORMATION | |
| fixed length control field | 110804n ii |||gr||||Z||||||asm |
| 020 ## - INTERNATIONAL STANDARD BOOK NUMBER | |
| International Standard Book Number | 81-7680-038-4 |
| 040 ## - CATALOGING SOURCE | |
| Transcribing agency | MAIN |
| 082 ## - DEWEY DECIMAL CLASSIFICATION NUMBER | |
| Classification number | 370.15 |
| 100 ## - MAIN ENTRY--PERSONAL NAME | |
| Personal name | Sharma, Mukul kr., |
| Relator term | |
| 245 1# - TITLE STATEMENT | |
| Title | Shiksha monobigyan |
| Statement of responsibility, etc. | by Mukul Kr. Sharma |
| 250 ## - EDITION STATEMENT | |
| Edition statement | 1st. |
| 260 ## - PUBLICATION, DISTRIBUTION, ETC. | |
| Place of publication, distribution, etc. | Dibrugarh: |
| Name of publisher, distributor, etc. | Tushar publishing house, |
| Date of publication, distribution, etc. | 2010. |
| 300 ## - PHYSICAL DESCRIPTION | |
| Extent | 668p: |
| Dimensions | 23cm. |
| 942 ## - ADDED ENTRY ELEMENTS (KOHA) | |
| Koha item type | Books |
| 653 ## - INDEX TERM--UNCONTROLLED | |
| Uncontrolled term | Education |
| 653 ## - INDEX TERM--UNCONTROLLED | |
| Uncontrolled term | Shiksha monobigyan |
| Withdrawn status | Lost status | Damaged status | Not for loan | Home library | Current library | Shelving location | Date acquired | Total Checkouts | Full call number | Barcode | Date due | Date last seen | Date last checked out | Copy number | Price effective from | Koha item type |
|---|---|---|---|---|---|---|---|---|---|---|---|---|---|---|---|---|
| Central Library, Naharkatiya College | Central Library, Naharkatiya College | General Stacks | 19/09/2020 | 2 | 370.15 | SHA | 19510 | 19/02/2023 | 04/02/2023 | 04/02/2023 | 1 | 19/09/2020 | Books |
